Studia Universitatis Petru Maior. Philologia
A scholarly journal devoted to the study of Romanian, British, French and Italian literature, literary criticism, linguistics and cultural studies.
| Corporate Author: | |
|---|---|
| Format: | Electronic Journal |
| Language: | Romanian, Moldovan English French Italian |
| Published: |
Târgu-Mureș [România] :
Editura Universității Petru Maior
|
| Subjects: | |
| Online Access: | Full text available from Research Library: 07/01/2011 to 01/31/2016 |
MARC
| LEADER | 00000nas a2200000 a 4500 | ||
|---|---|---|---|
| 001 | ssj0000328864 | ||
| 003 | WaSeSS | ||
| 005 | 20200512172242.0 | ||
| 006 | m d | ||
| 007 | cr n | ||
| 008 | 100417c20029999rm ar p s 0 0rum c | ||
| 010 | |a 2012237517 | ||
| 022 | |a 2286-3206 |l 1582-9960 | ||
| 035 | |a (WaSeSS)ssj0000328864 | ||
| 040 | |a FIE |b eng |c FIE |d CUD |d OCLCQ |d CZL |d OCLCQ |d CUS |d OCLCF |d OCLCO |d OCLCQ |d NTG |d WaSeSS | ||
| 041 | 0 | |a rum |a eng |a fre |a ita | |
| 042 | |a pcc | ||
| 050 | 4 | |a P9 | |
| 050 | 4 | |a P1.A1 |b S865 | |
| 210 | 0 | |a Stud. Univ. "Petru Maior", Philol. |b (Online) | |
| 222 | 0 | |a Studia Universitatis "Petru Maior". Philologia |b (Online) | |
| 245 | 0 | 0 | |a Studia Universitatis Petru Maior. |p Philologia |h [electronic resource]. |
| 246 | 1 | |a Philologia | |
| 260 | |a Târgu-Mureș [România] : |b Editura Universității Petru Maior | ||
| 310 | |a Annual | ||
| 362 | 1 | |a Began with: 1 (2002). | |
| 500 | |a Mirror sites available in English and Romanian. | ||
| 506 | |a License restrictions may limit access. | ||
| 520 | |a A scholarly journal devoted to the study of Romanian, British, French and Italian literature, literary criticism, linguistics and cultural studies. | ||
| 546 | |a Texts in Romanian, English, French and Italian; tables of contents in English and French; abstracts in English and Romanian. | ||
| 588 | |a Description based on: 1 (2002); title from cover (publisher's Web site, viewed Mar. 1, 2012). | ||
| 588 | |a Latest issue consulted: 10 (2011) (publisher's Web site, viewed Mar. 1, 2012). | ||
| 650 | 0 | |a Philology |v Periodicals. | |
| 650 | 0 | |a Linguistics |v Periodicals. | |
| 650 | 0 | |a Literature |x History and criticism |v Periodicals. | |
| 650 | 0 | |a Culture |x Study and teaching |v Periodicals. | |
| 650 | 7 | |a Culture |x Study and teaching. |2 fast |0 (OCoLC)fst00885086 | |
| 650 | 7 | |a Linguistics. |2 fast |0 (OCoLC)fst00999202 | |
| 650 | 7 | |a Literature. |2 fast |0 (OCoLC)fst00999953 | |
| 650 | 7 | |a Philology. |2 fast |0 (OCoLC)fst01060694 | |
| 655 | 0 | |a Electronic journals. | |
| 710 | 2 | |a Universitatea Petru Maior. | |
| 776 | 0 | 8 | |i Print version: |t Studia Universitatis Petru Maior. Philologia |x 1582-9960 |
| 856 | 4 | 0 | |z Full text available from Research Library: 07/01/2011 to 01/31/2016 |u https://search.proquest.com/publication/1136343 |